Statistics for 100 Most Populous Cities 2025 Projection - With Countries

Click here to take the quiz!

General Stats

  • This quiz has been taken 83 times
  • The average score is 69 of 100

Answer Stats

PopulationCountryAnswer% Correct
26.4 milJapanTokyo
99%
40.4 milIndiaMumbai
97%
22 milIndiaDelhi
96%
21 milMexicoMexico City
96%
14.6 milChinaBeijing
94%
20.6 milUnited StatesNew York City
94%
12.1 milTurkeyIstanbul
94%
8.6 milUnited KingdomLondon
94%
9.7 milSouth KoreaSeoul
93%
10.5 milRussiaMoscow
93%
11.4 milJapanOsaka-Kobe
93%
12.4 milIndonesiaJakarta
93%
14.2 milPhilippinesManila
93%
21.4 milBrazilSao Paulo
93%
13.4 milBrazilRio de Janeiro
92%
10 milFranceParis
92%
19.4 milChinaShanghai
92%
15.6 milEgyptCairo
92%
13.7 milUnited StatesLos Angeles
92%
16.5 milArgentinaBuenos Aires
92%
5.9 milSpainMadrid
90%
15.2 milColombiaBogota
90%
6.8 milVietnamHanoi
90%
8.3 milThailandBangkok
90%
4.8 milAustraliaSydney
89%
7.2 milAfghanistanKabul
89%
8.1 milIraqBaghdad
89%
15.8 milNigeriaLagos
89%
9.9 milUnited StatesChicago
89%
9.8 milIranTehran
88%
22.5 milBangladeshDhaka
88%
8.2 milVietnamHo Chi Minh City
88%
6 milCanadaToronto
86%
6.3 milChileSantiago
86%
9.6 milPeruLima
86%
19.1 milPakistanKarachi
86%
5.9 milKenyaNairobi
85%
16.8 milDem. Rep. of CongoKinshasa
83%
20.6 milIndiaKolkata
83%
6.3 milSaudi ArabiaRiyadh
83%
11.8 milChinaGuangzhou
82%
5.1 milUnited StatesHouston
82%
5.7 milEgyptAlexandria
82%
4.5 milRussiaSt. Petersburg
82%
4.6 milTurkeyAnkara
81%
4.2 milAustraliaMelbourne
81%
6.2 milEthiopiaAddis Ababa
79%
4.2 milSenegalDakar
79%
5.2 milSpainBarcelona
79%
9.7 milIndiaBangalore
78%
10.5 milPakistanLahore
78%
4.5 milAlgeriaAlgiers
76%
5 milMexicoGuadalajara
76%
5.1 milCity-StateSingapore
76%
5.7 milTanzaniaDar es Salaam
76%
8.2 milAngolaLuanda
76%
6.1 milUnited StatesPhiladelphia
76%
6.3 milUnited StatesMiami
75%
7.9 milSudanKhartoum
75%
4.4 milYemenSana'a
75%
5.4 milUnited StatesDallas-Fort Worth
74%
5 milUnited StatesBoston
74%
4.9 milUnited StatesWashington DC
72%
6.8 milBrazilBelo Horizonte
72%
10.1 milIndiaChennai
71%
4.6 milBrazilBrasilia
71%
8.3 milChinaHong Kong
71%
5.2 milUnited StatesAtlanta
68%
5.2 milChinaXi'an
68%
4.4 milMexicoMonterrey
65%
9.1 milIndiaHyderabad
65%
5.9 milMyanmarYangon
64%
9.2 milChinaTianjin
60%
6 milIvory CoastAbidjan
60%
10.2 milChinaShenzhen
57%
5.3 milChinaChengdu
54%
4.4 milBrazilRecife
53%
9.3 milChinaWuhan
51%
7.7 milIndiaAhmedabad
51%
7.6 milBangladeshChittagong
49%
8.3 milChinaChongqing
47%
5.1 milNigeriaKano
46%
4.8 milChinaNanjing
44%
6.8 milIndiaPune
44%
4.3 milIndiaJaipur
40%
4.6 milBrazilPorto Alegre
38%
4.7 milChinaHarbin
38%
6.2 milChinaShenyang
29%
5.7 milIndiaSurat
26%
4.3 milPakistanFaisalabad
22%
4.2 milNigeriaIbadan
22%
4.6 milIndiaKanpur
21%
6.2 milChinaDongguan
15%
4.3 milChinaChangchun
11%
4.6 milIndiaCoimbatore
10%
5 milMexicoGuadalupe
4%
5.1 milChinaGuiyang
3%
5.4 milMexicoZapopan
3%
5.4 milMexicoTlaquepaque
1%
5.4 milMexicoTonala
1%

Score Distribution

Percentile by Number Answered

Percent of People with Each Score

Your Score History

You have not taken this quiz